| 000 | 00842nas a2200253 i 4500 | ||
|---|---|---|---|
| 003 | DO-SdBNP | ||
| 005 | 20260520150434.0 | ||
| 007 | ta | ||
| 008 | 260520e2013 dr qn|n|r|||| 00| 0 spa d | ||
| 040 |
_aDO-SdBNP _bspa _cBNPHU _erda |
||
| 041 | _aspa | ||
| 110 |
_aCreartex _989676 |
||
| 245 |
_aSomos magazine : _bPlatinium / _cCreartex. |
||
| 264 |
_aSantodomingo,República Dominicana : _bCreartex, _c2013. |
||
| 300 |
_avolumen : _bIlustraciones, fotografía; _c30.5 x 23 cm |
||
| 310 | _atrimestral | ||
| 336 |
_atexto _btxt _2rdacontent |
||
| 337 |
_asin mediación _bn _2rdamedia |
||
| 338 |
_avolumen _bnc _2rdacarrier |
||
| 362 | _aAño 5. volumen 21, julio-septiembre 2013. | ||
| 650 | 0 |
_aVariedades _vPublicaciones periódicas _989561 |
|
| 650 | 0 |
_aModa _vPublicaciones periódicas _zRepública Dominicana _963351 |
|
| 942 |
_2ddc _cISSUE |
||
| 999 |
_c60796 _d60796 |
||